Les meilleurs buteurs de l'histoire du SL Benfica - Statistiques

Statistiques générales
  • Ce quiz a été pris 236 fois
  • Le résultat moyen est 2 sur 10
Statistiques - réponses
Buts Nationalité Joueur % Correct
473 Portugal Eusebio
99%
172 Paraguay Óscar Cardozo
69%
166 Portugal Nuno Gomes
35%
379 Portugal José Águas
18%
359 Portugal Nené
16%
226 Portugal José Torres
7%
175 Portugal José Augusto
4%
202 Portugal Julinho
1%
205 Portugal Rogério Pipi
1%
220 Portugal Arsénio
0%
Aucun quiz correspondant
Distribution des résultats
% des personnes avec chaque résultat
Percentile par nombre de réponses
Votre historique - résultats
Vous n’avez pas pris ce quiz